| 000 | 00704nam a22002057a 4500 | ||
|---|---|---|---|
| 999 |
_c11509 _d11509 |
||
| 003 | AR-CdUCM | ||
| 008 | 190404b ||||| |||| 00| 0 spa d | ||
| 040 |
_aMUNICIPALIDAD PROVINCIAL DEL CUSCO _cBIBLIOTECA MUNICIPAL DEL CUSCO |
||
| 082 |
_aEP / 372.460 / _bV46 |
||
| 100 |
_aVentura Vera, Jorge _928425 |
||
| 245 |
_aLecturas Infantiles 3 : _bComunicación Integral / |
||
| 260 |
_aLima : _bEscuela Nueva S. A. |
||
| 300 |
_a191 páginas ; _bIlustraciones _c26cm |
||
| 500 | _aEducación primaria 3ro | ||
| 505 | _aContenido: Lectura -- Redacción -- Vocabulario -- Gramática... | ||
| 650 |
_aComunicación integral _928927 |
||
| 650 |
_aLecturas _96094 |
||
| 942 |
_2ddc _cLIBROS |
||
| 945 | _anom | ||